Online Catalogue and eLibrary

Screening Culture, Viewing Politics: (Record no. 1124)

MARC details
000 -LEADER
fixed length control field 00557nam a2200193Ia 4500
005 - DATE AND TIME OF LATEST TRANSACTION
control field 20250319025032.0
008 - FIXED-LENGTH DATA ELEMENTS--GENERAL INFORMATION
fixed length control field 240331s9999 xx 000 0 und d
020 ## - INTERNATIONAL STANDARD BOOK NUMBER
ISBN 0822323907
082 ## - DDC Classification
Class No. 302.23
Item Number - Author Mark MAN
DDC Edition Number 4336
100 ## - MAIN ENTRY--PERSONAL NAME
Personal name Mankekar, P
245 #0 - TITLE STATEMENT
Title Screening Culture, Viewing Politics:
Remainder of title An Ethnography of Television, Womanhood, and Nation in Postcolonial India
260 ## - PUBLICATION, DISTRIBUTION, ETC.
Place of publication, distribution, etc. London;
-- Durham,
Name of publisher, distributor, etc. Duke University Press
Date of publication, distribution, etc. 1999
300 ## - PHYSICAL DESCRIPTION
Extent (e.g. Volumes, Pages etc.) xiii, 430 p.,
650 ## - SUBJECT ADDED ENTRY--TOPICAL TERM
Topical term or geographic name entry element Women
650 ## - SUBJECT ADDED ENTRY--TOPICAL TERM
Topical term or geographic name entry element India
650 ## - SUBJECT ADDED ENTRY--TOPICAL TERM
Topical term or geographic name entry element Television
650 ## - SUBJECT ADDED ENTRY--TOPICAL TERM
Topical term or geographic name entry element Culture
942 ## - Koha item type (Biblio)
Koha item type Books in Stacks (Lending)
Holdings
Lost status Damaged status Collection code Home library Current library Shelving location Date acquired Full call number Accession Number Item type
    Lending WERC Library WERC Library Social Science Cupboard 03/31/2024 302.23 MAN 4336 Books in Stacks (Lending)

© WERC Library